000 00307nam a22001337a 4500
008 181020b xxu||||| |||| 00| 0 eng d
020 _a9780415902830
041 _aeng
080 _a201
100 _a24
101 _aTEO
245 _aReligion in Public and Private Life
_cCochran, C.E
942 _2udc
_cBK
999 _c50340
_d50340